Versions of the Bible - Statistics

General Stats
  • This quiz has been taken 90 times
    88 since last reset
  • The average score is 12 of 59
Answer Stats
Abbreviation Name % Correct
KJV (AV) King James Version
98%
NIV New International Version
83%
NKJV New King James Version
83%
ASV American Standard Version
80%
ESV English Standard Version
71%
NLT New Living Translation
54%
NASB New American Standard Bible
52%
MSG The Message
52%
RV Revised Version
49%
RSV (ERV) Revised Standard Version
46%
NAB New American Bible
43%
NEB New English Bible
43%
NRSV New Revised Standard Version
40%
GNB Good News Bible
38%
CSB Christian Standard Bible
29%
NET New English Translation
29%
TLB The Living Bible
28%
AMP Amplified Bible
26%
NABRE New American Bible Revised Edition
20%
NJB New Jerusalem Bible
20%
NCV New Century Version
17%
NLV New Life Version
15%
CEV Contemporary English Version
14%
GW God's Word
14%
JB Jerusalem Bible
12%
CEB Common English Bible
11%
GEN Geneva Bible
11%
HCSB Holman Christian Standard Bible
11%
RSV-CE Revised Standard Version Catholic Edition
11%
RSV-2CE Revised Standard Version Second Catholic Edition
11%
MEV Modern English Version
9%
REB Revised English Bible
9%
VOICE The Voice Bible
9%
CJB Complete Jewish Bible
8%
DBY Darby Bible
8%
TNIV Today's New International Version
8%
DR Douay-Rheims Bible
6%
NIRV New International Reader's Version
6%
YLT Young's Literal Translation
6%
CCB Christian Community Bible
5%
DRC Duoay-Rheims Bible (Challoner Revision)
5%
NOG Names of God Bible
5%
LITV A Literal Translation of the Bible
3%
DNKJB Divine Name King James Bible
3%
NWT New World Translation of the Holy Scriptures
3%
OJB The Orthodox Jewish Bible
3%
TLV Tree of Life Bible
3%
WEB World English Bible
3%
CLV Concordant Literal Version
2%
TCB Coverdale Bible
2%
EBR Emphasized Bible
2%
JPS Jewish Publication Society of America Version (Tanakh)
2%
NIVI New International Version Inclusive Language Edition
2%
NJPS New Jewish Publication Society of America Version (Tanakh)
2%
OSB The Orthodox Study Bible
2%
WYC Wycliffe's Bible
2%
ISV International Standard Bible
0%
SCO Scofield Rerence Bible
0%
WVSS Westminster Version of Sacred Scripture
0%
No matching quizzes found
Score Distribution
Percent of People with Each Score
Percentile by Number Answered
Your Score History
You have not taken this quiz since the last reset